Esquadrões da Fab pela Bolacha - Statistics

Estatísticas Gerais
  • Esse quiz foi jogado 625 vezes
  • A pontuação média é 27 de 35
Estatísticas das Respostas
Imagem Resposta % Correto
Escorpião
93%
Phoenix
92%
Netuno
90%
Pelicano
89%
Flecha
88%
Orungan
88%
Hárpia
87%
Corsário
86%
Joker
84%
Rumba
84%
Arara
82%
Gordo
82%
Onça
82%
Centauro
80%
Pantera
80%
Hórus
78%
GTE
77%
Gavião
76%
Pégaso
76%
Jaguar
73%
Pastor
73%
Jambock
72%
Puma
71%
Cobra
70%
Condor
69%
Poti
69%
Tracajá
69%
Grifo
67%
Guardião
67%
Pampa
66%
Poker
66%
Pioneiro
61%
Guará
60%
Falcão
59%
Zeus
59%
Nenhum quiz correspondente encontrado
Distribuição das Pontuações
Porcentagem de Pessoas com Cada Pontuação
Percentil de Números Respondidos
Sua Pontuação Histórica
Você não jogou esse quiz